Dove giocava nel 2010-2011? - Quiz n°22 - Statistics

Statistiche generali
  • Questo quiz è stato fatto 12 volte
  • Il punteggio medio è 9 su 10
Statistiche sulle risposte
Hint Risposta % Corretto
Dani Alves Barcellona
100%
Riccardo Montolivo Fiorentina
100%
Gianluigi Buffon Juventus
100%
Saúl Ñíguez Atlético Madrid B
92%
Adil Rami Lilla
92%
Oscar San Paolo
92%
Laurent Koscielny Arsenal
83%
Álvaro Morata Real Madrid Castilla
83%
Marcos Acuña Ferro Carril Oeste
67%
Felipe Caicedo Levante
50%
Nessun quiz corrispondente trovato
Distribuzione punteggi
Percentuale di utenti per punteggio
Percentile per numero di risposta
I tuoi punteggi nel tempo
Non hai fatto questo quiz